[Event "International Championship of Central S"]
[Site "Paracin"]
[Date "2014.07.04"]
[Round "1.25"]
[White "Egorov, Evgeny"]
[Black "Radovic, Luka"]
[Result "1/2-1/2"]
[WhiteElo "2358"]
[BlackElo "2140"]
[PlyCount "50"]
[EventDate "2014.07.04"]

1. e4 c5 2. Ne2 d6 3. Nbc3 Nf6 4. d4 cxd4 5. Nxd4 a6 6. Rg1 e6 7. g4 d5 8. exd5
Nxd5 9. Nxd5 Qxd5 10. Bg2 Qa5+ 11. Bd2 Qc7 12. Qe2 Be7 13. O-O-O Bd7 14. Bc3
O-O 15. Kb1 Nc6 16. g5 Rfd8 17. Bxc6 Bxc6 18. Nxe6 Rxd1+ 19. Rxd1 fxe6 20.
Qxe6+ Kf8 21. Rd3 Rd8 22. Qf5+ Kg8 23. Qe6+ Kf8 24. Qf5+ Kg8 25. Qe6+ Kf8
1/2-1/2

[Event "International Championship of Central S"]
[Site "Paracin"]
[Date "2014.07.04"]
[Round "1.26"]
[White "Mrsic, Robert"]
[Black "Strebkovs, Andrejs"]
[Result "1/2-1/2"]
[WhiteElo "2134"]
[BlackElo "2357"]
[PlyCount "57"]
[EventDate "2014.07.04"]

1. e4 g6 2. d4 d6 3. Nc3 c6 4. Be3 e5 5. Nf3 Nd7 6. Qd2 Bg7 7. Be2 Ngf6 8. Bh6
O-O 9. h4 Bxh6 10. Qxh6 Ng4 11. Qd2 h5 12. Ng5 Nb6 13. f3 Nf6 14. O-O-O Qe7 15.
g4 Be6 16. Nxe6 Qxe6 17. Qh6 exd4 18. Rxd4 d5 19. gxh5 Nxh5 20. f4 Qf6 21. Bxh5
Qxd4 22. e5 Rfd8 23. Bxg6 fxg6 24. Qxg6+ Kf8 25. Qh6+ Ke8 26. Qe6+ Kf8 27. Qf6+
Ke8 28. Qe6+ Kf8 29. Qf6+ 1/2-1/2

[Event "International Championship of Central S"]
[Site "Paracin"]
[Date "2014.07.04"]
[Round "1.27"]
[White "Masic, Predrag"]
[Black "Kuzmanovic, Slobodan"]
[Result "1-0"]
[WhiteElo "2356"]
[BlackElo "2120"]
[PlyCount "103"]
[EventDate "2014.07.04"]

1. e4 e5 2. Nc3 Nf6 3. f4 d5 4. fxe5 Nxe4 5. Nf3 Be7 6. d3 Nxc3 7. bxc3 Nc6 8.
d4 O-O 9. Bd3 Bg4 10. O-O f6 11. exf6 Bxf6 12. Rb1 b6 13. Qe1 Qd6 14. Qg3 Qxg3
15. hxg3 Be7 16. Bf4 Bxf3 17. Rxf3 g5 18. Bd2 Na5 19. Re1 Bf6 20. Rf5 h6 21.
Rxd5 Rad8 22. Rf5 Kg7 23. g4 Nc6 24. Re6 Rd6 25. Rxd6 cxd6 26. a4 Kf7 27. Rb5
Rc8 28. Be4 Na5 29. Bd5+ Ke7 30. Kf2 Kd7 31. Ke2 Kc7 32. Kd3 Rh8 33. c4 Nc6 34.
Bxc6 Kxc6 35. Bc3 Kd7 36. a5 Bd8 37. Rf5 Be7 38. axb6 axb6 39. Rf7 Rf8 40. Rxf8
Bxf8 41. d5 Be7 42. Ke4 Ke8 43. Kf5 Kf7 44. Bd4 Bd8 45. Bc3 Be7 46. Bb2 Bd8 47.
Bd4 Bc7 48. Bf6 Bb8 49. Bd8 Ba7 50. c3 Ke8 51. Bf6 Kf7 52. Bd4 1-0

[Event "International Championship of Central S"]
[Site "Paracin"]
[Date "2014.07.04"]
[Round "1.28"]
[White "Brkic, Toma"]
[Black "Thomassen, Joachim"]
[Result "0-1"]
[WhiteElo "2111"]
[BlackElo "2353"]
[PlyCount "84"]
[EventDate "2014.07.04"]

1. e4 c5 2. Nf3 d6 3. d4 cxd4 4. Nxd4 Nf6 5. Bd3 g6 6. b3 Bg7 7. Bb2 Nc6 8.
Nxc6 bxc6 9. c4 O-O 10. O-O d5 11. exd5 cxd5 12. Qc2 d4 13. Nd2 e5 14. Rae1 Re8
15. h3 Bb7 16. Ne4 Bxe4 17. Bxe4 Nxe4 18. Qxe4 f5 19. Qc2 e4 20. Qd2 Qc7 21.
Rc1 Rad8 22. Rfd1 e3 23. fxe3 dxe3 24. Qe2 Rxd1+ 25. Rxd1 Bxb2 26. Qxb2 e2 27.
Re1 Qc5+ 28. Kh1 Qf2 29. Qd2 f4 30. c5 f3 31. gxf3 Qxf3+ 32. Kh2 Qf2+ 33. Kh1
Re3 34. Qd5+ Kg7 35. Qd4+ Kh6 36. Qd2 Qf3+ 37. Kg1 Qg3+ 38. Kh1 Qxh3+ 39. Kg1
Qg4+ 40. Kh1 Qh4+ 41. Kg2 Qg5+ 42. Kf2 Qf4+ 0-1

[Event "International Championship of Central S"]
[Site "Paracin"]
[Date "2014.07.04"]
[Round "1.29"]
[White "Milenkovic, Mladen"]
[Black "Dodic, Dragan"]
[Result "0-1"]
[WhiteElo "2344"]
[BlackElo "2102"]
[PlyCount "76"]
[EventDate "2014.07.04"]

1. e4 c6 2. d4 d5 3. f3 e6 4. Nc3 Bb4 5. Bf4 Ne7 6. Qd2 Nd7 7. a3 Ba5 8. Nge2
a6 9. Nc1 Ng6 10. Bg5 f6 11. Be3 O-O 12. Nb3 Bc7 13. Bd3 b5 14. f4 Nb6 15. Nc5
Qe7 16. e5 Nc4 17. Bxc4 bxc4 18. O-O-O Ba5 19. g4 f5 20. h4 fxg4 21. h5 Nh4 22.
Bf2 Nf3 23. Qe3 Bxc3 24. bxc3 Rb8 25. Rdf1 Bd7 26. Bg3 Be8 27. Rxf3 gxf3 28.
Qxf3 Rf5 29. h6 g5 30. Qg4 Bg6 31. Rg1 Bf7 32. Rh1 a5 33. a4 Kh8 34. Re1 Ra8
35. fxg5 Bh5 36. Qh3 Bg6 37. Bh4 Rf2 38. Nd3 cxd3 0-1

[Event "International Championship of Central S"]
[Site "Paracin"]
[Date "2014.07.04"]
[Round "1.30"]
[White "Tisma, Ivan"]
[Black "Brankovic, Dejan"]
[Result "0-1"]
[WhiteElo "2095"]
[BlackElo "2344"]
[PlyCount "92"]
[EventDate "2014.07.04"]

1. Nf3 Nf6 2. c4 g6 3. g3 Bg7 4. Bg2 O-O 5. O-O d6 6. Nc3 e5 7. d3 Nc6 8. Rb1
Bd7 9. b4 Qc8 10. Re1 h6 11. Bd2 Bh3 12. Bh1 Bg4 13. Nd5 Nxd5 14. cxd5 Ne7 15.
Qb3 c6 16. dxc6 bxc6 17. Rbc1 Qa6 18. Qc4 Qc8 19. b5 c5 20. a4 Be6 21. Qc2 Rb8
22. Rb1 Qd7 23. Rec1 f5 24. Ne1 g5 25. e4 f4 26. f3 h5 27. Bc3 Ng6 28. Qe2 g4
29. Nc2 h4 30. Be1 hxg3 31. hxg3 Bh6 32. Rd1 Rf7 33. a5 Rxb5 34. Rxb5 Qxb5 35.
Na3 Qd7 36. Nc4 fxg3 37. Bxg3 Nf4 38. Bxf4 Bxf4 39. Ne3 g3 40. Ng4 Qb5 41. Ra1
Qb4 42. Kg2 Bxg4 43. fxg4 Rh7 44. Qa2+ Kf8 45. Kf3 Qd4 46. g5 Rh4 0-1

[Event "International Championship of Central S"]
[Site "Paracin"]
[Date "2014.07.04"]
[Round "1.31"]
[White "Ardeleanu, Alin"]
[Black "Visanescu, Daria-Ioana"]
[Result "1/2-1/2"]
[WhiteElo "2338"]
[BlackElo "2090"]
[PlyCount "71"]
[EventDate "2014.07.04"]

1. e4 c5 2. Nf3 e6 3. b3 Nf6 4. Nc3 d6 5. Bb5+ Bd7 6. a4 Be7 7. e5 dxe5 8. Nxe5
Bxb5 9. axb5 O-O 10. O-O Nbd7 11. Nc4 Nd5 12. Qf3 Bf6 13. Bb2 Nxc3 14. Bxc3 Qc7
15. Ra2 Bxc3 16. Qxc3 Nf6 17. Rfa1 Nd5 18. Qg3 Qd7 19. Ne5 Qd8 20. Rxa7 Rxa7
21. Rxa7 Nb4 22. Nc4 Nxc2 23. b6 Nd4 24. Qd6 Qh4 25. d3 Qg5 26. Ra1 Nxb3 27.
Re1 Nd4 28. Kf1 f6 29. h3 h5 30. Qc7 Qg6 31. Re3 Qf7 32. Qxf7+ Rxf7 33. Re1 Rd7
34. Ra1 Nc6 35. Ra3 Kf7 36. Rc3 1/2-1/2

[Event "International Championship of Central S"]
[Site "Paracin"]
[Date "2014.07.04"]
[Round "1.32"]
[White "Mazet, Julien"]
[Black "Andrijevic, Milan"]
[Result "1/2-1/2"]
[WhiteElo "2083"]
[BlackElo "2336"]
[PlyCount "59"]
[EventDate "2014.07.04"]

1. d4 d5 2. Nf3 Nf6 3. c4 e6 4. cxd5 exd5 5. Nc3 Be7 6. Bg5 O-O 7. Qc2 c6 8. e3
Nbd7 9. Bd3 Re8 10. O-O Nf8 11. h3 Be6 12. Rab1 N6d7 13. Bxe7 Qxe7 14. b4 Rac8
15. Rfc1 Qf6 16. Qd1 Ng6 17. b5 c5 18. dxc5 Rxc5 19. Nd4 Qe7 20. Bxg6 hxg6 21.
Nb3 Rcc8 22. Nxd5 Qg5 23. Rxc8 Rxc8 24. Nf4 Nf8 25. Nxe6 Nxe6 26. Nd4 Rd8 27.
Qa4 Rxd4 28. exd4 Nf4 29. g3 Nxh3+ 30. Kg2 1/2-1/2

[Event "International Championship of Central S"]
[Site "Paracin"]
[Date "2014.07.04"]
[Round "1.33"]
[White "Popchev, Milko"]
[Black "Lekic, Lazar"]
[Result "1/2-1/2"]
[WhiteElo "2331"]
[BlackElo "2081"]
[PlyCount "60"]
[EventDate "2014.07.04"]

1. d4 d5 2. c4 dxc4 3. Nf3 Nf6 4. e3 Bg4 5. Bxc4 e6 6. h3 Bh5 7. O-O Nc6 8. Nc3
a6 9. Be2 Bd6 10. b3 O-O 11. Bb2 Qe7 12. d5 exd5 13. Nxd5 Nxd5 14. Qxd5 Bg6 15.
Nd4 Nb4 16. Qc4 b5 17. Qc3 Nd5 18. Nc6 Nxc3 19. Nxe7+ Bxe7 20. Bxc3 c5 21. Rfd1
Rac8 22. Ba5 Bd8 23. Bxd8 Rfxd8 24. Rxd8+ Rxd8 25. Rc1 h6 26. Kf1 Rd2 27. a4
Bd3 28. Bxd3 Rxd3 29. Rxc5 Rxb3 30. axb5 axb5 1/2-1/2

[Event "International Championship of Central S"]
[Site "Paracin"]
[Date "2014.07.04"]
[Round "1.34"]
[White "Drogovoz, Irina"]
[Black "Cvetkovic, Srdjan"]
[Result "1-0"]
[WhiteElo "2073"]
[BlackElo "2325"]
[Annotator "Boban,Milojevic"]
[PlyCount "47"]
[EventDate "2014.07.04"]

1. d4 Nf6 2. c4 e6 3. Nf3 d5 4. g3 dxc4 5. Bg2 a6 6. a4 c5 7. O-O Nc6 8. e3 Bd7
9. Nc3 Be7 10. Ne5 Na5 11. d5 exd5 12. Nxd5 Be6 13. Nf4 Qxd1 14. Rxd1 Bf5 15.
Bf1 O-O 16. Nxc4 Nb3 17. Ra3 Bc2 18. Re1 b5 19. axb5 axb5 20. Rxa8 Rxa8 21. Na3
Rxa3 22. bxa3 c4 23. Bb2 g5 24. Ne2 {... necitko} 1-0

[Event "International Championship of Central S"]
[Site "Paracin"]
[Date "2014.07.04"]
[Round "1.35"]
[White "Carnic, Srdjan"]
[Black "Radovic, Stefan"]
[Result "1/2-1/2"]
[WhiteElo "2324"]
[BlackElo "2072"]
[PlyCount "144"]
[EventDate "2014.07.04"]

1. e4 c5 2. Nf3 g6 3. d4 cxd4 4. Nxd4 Nc6 5. Nc3 Bg7 6. Be3 Nf6 7. Bc4 O-O 8.
Bb3 d6 9. h3 Bd7 10. O-O a6 11. Re1 Rc8 12. Qd2 Na5 13. Bh6 Nc4 14. Bxc4 Rxc4
15. Bxg7 Kxg7 16. Rad1 Qa5 17. Re3 Re8 18. Rd3 Qc7 19. Re1 Qa5 20. a3 b5 21.
Nf3 Qc7 22. e5 dxe5 23. Nxe5 Bf5 24. Nxc4 Bxd3 25. Ne3 Bc4 26. Rd1 Rc8 27. Qd4
Qc5 28. Qxc5 Rxc5 29. Rd8 Rc6 30. Ra8 Rd6 31. Nxc4 bxc4 32. Rc8 Rd2 33. Rxc4
Rxc2 34. Rb4 e6 35. Kf1 Nd5 36. Nxd5 exd5 37. Rb6 a5 38. Ke1 d4 39. Rd6 Rxb2
40. Rxd4 Kf6 41. Rd5 Ra2 42. Rxa5 h5 43. h4 Ke6 44. g3 f6 45. Kf1 Kd6 46. Kg2
Ke6 47. Kf3 Kd6 48. Ke3 Ke6 49. f3 Kd6 50. Kf4 Ke6 51. Ra6+ Kf7 52. a4 Ra1 53.
Ra7+ Ke6 54. g4 Rh1 55. Ra6+ Kf7 56. Ra7+ Ke6 57. Rg7 Rxh4 58. Rxg6 hxg4 59.
Rxg4 Rh1 60. Rg8 Ra1 61. Ra8 Ra3 62. a5 Ra4+ 63. Kg3 Kf5 64. a6 Ra2 65. Ra7 Kg5
66. Ra8 Kf5 67. a7 Ra4 68. Kf2 Ra3 69. Ke2 Ra1 70. Ke3 Ra3+ 71. Kd4 Ra4+ 72.
Kc5 Ra1 1/2-1/2

[Event "International Championship of Central S"]
[Site "Paracin"]
[Date "2014.07.04"]
[Round "1.36"]
[White "Manelidou, Maria"]
[Black "Popovic, Aleksandar M"]
[Result "1/2-1/2"]
[WhiteElo "2071"]
[BlackElo "2323"]
[PlyCount "53"]
[EventDate "2014.07.04"]

1. e4 e5 2. Nf3 d6 3. d4 exd4 4. Nxd4 Nf6 5. Nc3 Be7 6. h3 O-O 7. Be2 Re8 8.
O-O Bf8 9. Bg5 h6 10. Bxf6 Qxf6 11. Bf3 c6 12. a4 a5 13. Bg4 Nd7 14. Qd2 Nc5
15. Bxc8 Nxe4 16. Nxe4 Rxe4 17. Bxb7 Rxd4 18. Qc1 Rb8 19. Bxc6 Rdb4 20. b3 Rc8
21. Bb5 d5 22. Qd2 Rf4 23. g3 Rxf2 24. Rxf2 Qxa1+ 25. Kg2 Bc5 26. Rf1 Qd4 27.
Qe2 1/2-1/2

[Event "International Championship of Central S"]
[Site "Paracin"]
[Date "2014.07.04"]
[Round "1.37"]
[White "Cvetanovic, Uros"]
[Black "Stefanov, Emil"]
[Result "1-0"]
[WhiteElo "2323"]
[BlackElo "2061"]
[PlyCount "145"]
[EventDate "2014.07.04"]

1. e4 c5 2. Nf3 Nc6 3. Bb5 g6 4. O-O Bg7 5. c3 Nf6 6. Re1 O-O 7. h3 d6 8. d4
Qb6 9. Bxc6 bxc6 10. e5 Ne8 11. Nbd2 cxd4 12. cxd4 Be6 13. Qa4 Nc7 14. Ne4 Bd5
15. Qc2 Ne6 16. Qc3 Qc7 17. Bd2 Rab8 18. b3 f5 19. Neg5 Nxg5 20. Nxg5 h6 21.
Nf3 g5 22. h4 g4 23. Nh2 dxe5 24. dxe5 e6 25. Bf4 Qe7 26. Qg3 Rfc8 27. Nf1 Rb7
28. Ne3 Rbc7 29. Rac1 h5 30. Nc4 Bxc4 31. Rxc4 Qf7 32. Qc3 Bf8 33. Rd4 Qe8 34.
Red1 Be7 35. Qc4 Kf7 36. g3 Rb7 37. Bg5 Bxg5 38. hxg5 c5 39. Rd6 Re7 40. Rc1
Rcc7 41. b4 Kg6 42. bxc5 Kxg5 43. c6 Kg6 44. Qd4 Rc8 45. Qd3 Rec7 46. Qa6 Kf7
47. a4 h4 48. Qb5 h3 49. Kh2 Qe7 50. Rcd1 Kg6 51. Qc4 Re8 52. Rd7 Rxd7 53. Rxd7
Qa3 54. Rd3 Qb2 55. Qd4 Qc1 56. Qd7 Qe1 57. Qxe8+ Kg5 58. Qe7+ Kh5 59. Qh7+ Kg5
60. Qg7+ Kh5 61. Qf7+ Kg5 62. Qg8+ Kh5 63. Qe8+ Kg5 64. f4+ gxf3 65. Qe7+ Kh5
66. Rd2 f2 67. g4+ fxg4 68. Qf7+ Kh4 69. Qxf2+ Qxf2+ 70. Rxf2 g3+ 71. Kg1 gxf2+
72. Kxf2 h2 73. Kg2 1-0

[Event "International Championship of Central S"]
[Site "Paracin"]
[Date "2014.07.04"]
[Round "1.38"]
[White "Jandric, Damjan"]
[Black "Doric, Nenad"]
[Result "1/2-1/2"]
[WhiteElo "2060"]
[BlackElo "2316"]
[PlyCount "50"]
[EventDate "2014.07.04"]

1. e4 e5 2. Bc4 Nf6 3. d3 Nc6 4. Nf3 Bc5 5. O-O O-O 6. c3 d5 7. exd5 Nxd5 8.
Re1 Bg4 9. h3 Bh5 10. Nbd2 Nb6 11. Bb5 Bd6 12. Ne4 Re8 13. Be3 Bf8 14. Ng3 Bg6
15. d4 exd4 16. Nxd4 Nxd4 17. Qxd4 c6 18. Bf1 Nd5 19. Bd2 Qb6 20. Rxe8 Rxe8 21.
Qxb6 Nxb6 22. a4 Nd5 23. Bc4 Rd8 24. Nf1 Bc5 25. Bg5 f6 1/2-1/2

[Event "International Championship of Central S"]
[Site "Paracin"]
[Date "2014.07.04"]
[Round "1.39"]
[White "Vucinic, Gojko"]
[Black "Marjanovics, Annamaria"]
[Result "1-0"]
[WhiteElo "2313"]
[BlackElo "2051"]
[PlyCount "139"]
[EventDate "2014.07.04"]

1. e4 e5 2. Nf3 Nc6 3. Bc4 Bc5 4. c3 Nf6 5. d4 exd4 6. cxd4 Bb4+ 7. Bd2 Nxe4 8.
Bxb4 Nxb4 9. Bxf7+ Kxf7 10. Qb3+ d5 11. Ne5+ Ke6 12. Qxb4 c5 13. Qb5 cxd4 14.
Nf3 Kf7 15. O-O Rf8 16. Nxd4 Kg8 17. f3 Nf6 18. Nc3 Qd6 19. Rad1 Bd7 20. Qb3
Kh8 21. Kh1 Bc6 22. Nc2 Rad8 23. Rd4 Rfe8 24. Rfd1 Qe5 25. Qa3 a6 26. Qc5 Nd7
27. Qa5 Nf6 28. a4 Rc8 29. R4d2 Qf4 30. Qb4 Qxb4 31. Nxb4 Rcd8 32. Kg1 Rd7 33.
Nc2 Kg8 34. Kf2 Kf7 35. Nd4 g6 36. g4 Rc8 37. b4 Rd6 38. g5 Ng8 39. Nxc6 bxc6
40. Ne4 Rd7 41. Nc5 Ra7 42. a5 Rb8 43. Rd4 Ne7 44. Rh4 Kg8 45. Re1 Nf5 46. Rf4
Rc8 47. h4 Ng7 48. Rf6 Ne8 49. Rfe6 Kf7 50. h5 gxh5 51. f4 Ng7 52. Rd6 Kg8 53.
Re5 Rf8 54. Rf6 h4 55. f5 Rxf6 56. gxf6 Nh5 57. Re6 h3 58. Rxc6 Kf7 59. Rxa6
Rc7 60. Rb6 Rc8 61. a6 Rg8 62. Rb7+ Kxf6 63. Rxh7 Kg5 64. a7 Kh4 65. Ne6 h2 66.
Nf4 h1=N+ 67. Kf3 N1g3 68. b5 Kg5 69. b6 Kf6 70. b7 1-0

[Event "International Championship of Central S"]
[Site "Paracin"]
[Date "2014.07.04"]
[Round "1.40"]
[White "Stojkovska, Monika"]
[Black "Pantelic, Sasa"]
[Result "1/2-1/2"]
[WhiteElo "2040"]
[BlackElo "2312"]
[PlyCount "89"]
[EventDate "2014.07.04"]

1. e4 c5 2. Nf3 d6 3. d4 cxd4 4. Nxd4 Nf6 5. Nc3 g6 6. Be3 Bg7 7. f3 O-O 8. Qd2
Nc6 9. Bc4 Nxd4 10. Bxd4 Qa5 11. Bb3 Be6 12. Bxe6 fxe6 13. O-O-O Rac8 14. Kb1
Nd7 15. Bxg7 Kxg7 16. h4 Ne5 17. Ne2 Qxd2 18. Rxd2 Nc4 19. Rd3 Rc5 20. Nd4 Kf7
21. b3 Na3+ 22. Kb2 e5 23. Kxa3 exd4 24. Kb2 Rfc8 25. Rc1 e5 26. a4 a5 27. c4
Ke6 28. Rf1 Rf8 29. g3 Rc7 30. f4 Rcf7 31. Rdf3 Kd7 32. Ka3 Kc6 33. b4 axb4+
34. Kxb4 b6 35. R1f2 h5 36. Rf1 Re7 37. fxe5 Rxf3 38. Rxf3 Rxe5 39. Rf6 g5 40.
hxg5 Rxe4 41. Rh6 Rg4 42. Rxh5 Rxg3 43. Rh4 d3 44. Rd4 Rxg5 45. Rxd3 1/2-1/2

[Event "International Championship of Central S"]
[Site "Paracin"]
[Date "2014.07.04"]
[Round "1.41"]
[White "Jovanovic, Bojan P"]
[Black "Tomic, Aleksandar"]
[Result "1-0"]
[WhiteElo "2307"]
[BlackElo "2019"]
[PlyCount "57"]
[EventDate "2014.07.04"]

1. f4 Nf6 2. Nf3 d5 3. e3 g6 4. b3 Bg7 5. Bb2 O-O 6. Be2 c5 7. O-O Nc6 8. d4
Qb6 9. Nc3 cxd4 10. exd4 Bf5 11. Na4 Qc7 12. Ne5 h5 13. c3 b6 14. Bf3 Rac8 15.
Qe2 Ne4 16. c4 e6 17. Rfc1 b5 18. Bxe4 dxe4 19. cxb5 Nxd4 20. Bxd4 Qxc1+ 21.
Rxc1 Rxc1+ 22. Kf2 Rc2 23. Qxc2 e3+ 24. Kxe3 Bxc2 25. Bxa7 Bh6 26. b6 f6 27.
Nd7 Rd8 28. b7 e5 29. g3 1-0

[Event "International Championship of Central S"]
[Site "Paracin"]
[Date "2014.07.04"]
[Round "1.42"]
[White "Nestorovic, Irena"]
[Black "Rakic, Marija"]
[Result "0-1"]
[WhiteElo "2018"]
[BlackElo "2306"]
[PlyCount "84"]
[EventDate "2014.07.04"]

1. d4 g6 2. c4 Bg7 3. Nc3 d6 4. Nf3 Nf6 5. e4 O-O 6. Be2 Nbd7 7. O-O e5 8. Re1
c6 9. h3 exd4 10. Nxd4 Re8 11. Bf1 Nc5 12. f3 Qb6 13. Be3 Qxb2 14. Ncb5 cxb5
15. Rb1 Qxa2 16. Ra1 Qb2 17. Rb1 Qc3 18. Nxb5 Qe5 19. f4 Qe7 20. Nxd6 Ncxe4 21.
Nxe8 Qxe8 22. Bd4 Qc6 23. Bd3 Nc5 24. Be2 Bf5 25. Rb5 Ne6 26. Be5 a6 27. Bf3
Be4 28. Bxe4 Nxe4 29. Rd5 Nc3 30. Bxc3 Bxc3 31. Re4 Bf6 32. Qe2 b5 33. f5 Ng5
34. Rg4 Re8 35. Qd3 bxc4 36. Qxc4 Qb6+ 37. Qc5 Qb1+ 38. Kh2 Qb8+ 39. Kg1 Re1+
40. Kf2 Ne4+ 41. Rxe4 Rxe4 42. fxg6 Qf4+ 0-1

[Event "International Championship of Central S"]
[Site "Paracin"]
[Date "2014.07.04"]
[Round "1.43"]
[White "Sarenac, David"]
[Black "Lazov, Toni"]
[Result "0-1"]
[WhiteElo "2304"]
[BlackElo "2001"]
[PlyCount "74"]
[EventDate "2014.07.04"]

1. c4 Nf6 2. Nc3 g6 3. g3 Bg7 4. Bg2 O-O 5. e3 e5 6. Nge2 d6 7. O-O Nc6 8. d4
Nd7 9. b3 f5 10. dxe5 Ndxe5 11. Bb2 Rb8 12. Qd2 Be6 13. Rfd1 a6 14. Rac1 Bf7
15. Nd5 Ne7 16. Nef4 g5 17. Nxe7+ Qxe7 18. Nd5 Bxd5 19. Qxd5+ Kh8 20. Ba3 b6
21. Re1 f4 22. exf4 gxf4 23. Re4 fxg3 24. hxg3 Qf6 25. Rf4 Qg5 26. Rxf8+ Rxf8
27. Rf1 Qf5 28. f4 Ng4 29. Qxf5 Bd4+ 30. Kh1 Rxf5 31. Be4 Rh5+ 32. Kg2 Ne3+ 33.
Kg1 Nxf1+ 34. Kxf1 Ra5 35. Bb4 Rxa2 36. f5 Kg7 37. g4 Kf6 0-1

[Event "International Championship of Central S"]
[Site "Paracin"]
[Date "2014.07.04"]
[Round "1.44"]
[White "Magnusson, Roger"]
[Black "Radovanovic, Nikola"]
[Result "0-1"]
[WhiteElo "2000"]
[BlackElo "2303"]
[PlyCount "62"]
[EventDate "2014.07.04"]

1. d4 Nf6 2. Nc3 d6 3. e4 Nbd7 4. Bc4 e5 5. Nf3 Be7 6. h3 O-O 7. Be3 c6 8. Bb3
b5 9. a3 Bb7 10. O-O a6 11. Nh4 g6 12. f4 exd4 13. f5 dxe3 14. fxg6 Ne5 15.
gxh7+ Kh8 16. Nf5 c5 17. Bd5 Bxd5 18. exd5 b4 19. Ne2 Nxh7 20. axb4 cxb4 21.
Qd4 Bf6 22. Qxe3 Rg8 23. c3 bxc3 24. Nxc3 Nc4 25. Qf4 Qb6+ 26. Rf2 Nxb2 27.
Nxd6 Ra7 28. Na4 Nxa4 29. Rxa4 Re7 30. Nc4 Re1+ 31. Kh2 Qb1 0-1

[Event "International Championship of Central S"]
[Site "Paracin"]
[Date "2014.07.04"]
[Round "1.45"]
[White "Nakhbayeva, Guliskhan"]
[Black "Mulenko, Alexander"]
[Result "1-0"]
[WhiteElo "2300"]
[BlackElo "2000"]
[PlyCount "110"]
[EventDate "2014.07.04"]

1. d4 Nf6 2. c4 e6 3. Nc3 Bb4 4. e3 O-O 5. Bd3 Re8 6. Nf3 d6 7. O-O Bxc3 8.
bxc3 e5 9. dxe5 dxe5 10. Nxe5 Qe7 11. Nf3 Bg4 12. h3 Bh5 13. a4 Nbd7 14. Ba3 c5
15. Be2 Rad8 16. Qc2 Bg6 17. Qb3 Be4 18. Rfd1 Ne5 19. Nxe5 Qxe5 20. a5 Bc6 21.
Rxd8 Rxd8 22. Rd1 Re8 23. Bf3 Ne4 24. Qc2 f5 25. Qd3 Qc7 26. Bxe4 fxe4 27. Qd6
Qxa5 28. Bxc5 Qxc3 29. h4 Qxc4 30. Bxa7 Qe6 31. Qg3 Qg6 32. Qh2 Qg4 33. Rd2 h6
34. Bc5 Kh7 35. h5 Qg5 36. Bd6 Rd8 37. Rd4 Ra8 38. Qh3 Ra1+ 39. Kh2 Ra5 40. g4
Ra2 41. Qg3 Qf6 42. Kg2 Ra5 43. Qf4 Qxf4 44. Bxf4 Kg8 45. Kg3 Kf7 46. Bc7 Ra4
47. Rd6 Ra3 48. Rg6 Rd3 49. Be5 Rd5 50. Kf4 Rd2 51. Bxg7 Rxf2+ 52. Ke5 Rf3 53.
Bxh6 Rh3 54. Rg7+ Ke8 55. Ke6 Kd8 1-0

[Event "International Championship of Central S"]
[Site "Paracin"]
[Date "2014.07.04"]
[Round "1.46"]
[White "Drogovoz, Maria"]
[Black "Svicevic, Rastko"]
[Result "0-1"]
[WhiteElo "1952"]
[BlackElo "2300"]
[PlyCount "90"]
[EventDate "2014.07.04"]

1. e4 c5 2. Nf3 g6 3. d4 cxd4 4. Nxd4 Nc6 5. Nc3 Bg7 6. Be3 Nf6 7. Bc4 O-O 8.
Bb3 Na5 9. O-O Nxb3 10. Nxb3 d6 11. h3 Bd7 12. Re1 Bc6 13. Bg5 h6 14. Bh4 Nd7
15. Rb1 Be5 16. Nd4 Re8 17. Qd2 Qb6 18. Nf3 Bg7 19. Nd5 Qd8 20. c3 Rc8 21. Rbd1
Nb6 22. Nxb6 Qxb6 23. Nd4 Qa5 24. f4 Ba4 25. b3 Bd7 26. c4 Bxd4+ 27. Qxd4 Qxa2
28. Re3 Qa5 29. e5 Bc6 30. Ra1 dxe5 31. fxe5 Rcd8 32. Rxa5 Rxd4 33. Bf2 a6 34.
e6 f5 35. Rg3 Rd1+ 36. Kh2 Kh7 37. Ra2 g5 38. Rc3 Kg6 39. Re2 Red8 40. Bc5 Kf6
41. Kg3 R1d3+ 42. Rxd3 Rxd3+ 43. Kf2 f4 44. b4 Bxg2 45. h4 g4 0-1